LEADER 00942nam a2200277 i 4500 001 991001944709707536 005 20020508184031.0 008 940214s1955 ||| ||| | ger 035 $ab10936178-39ule_inst 035 $aPARLA151659$9ExL 040 $aDip.to Filol. Class. e Med.$bita 082 0 $a884.01 100 1 $aSchmid, Wolfgang$0155478 245 10$aAnakreon und Ibykos /$cWolfgang Schmid 260 $a[S.l. :$bs.n.,$c1955] 300 $a[17] p. ;$c23 cm. 500 $aEstratto da: Acme V. 3 (1955), 113-129 p. 650 4$aAnacreonte$xStudi 650 4$aIbico$xStudi 650 4$aPoeti lirici greci$xStudi 907 $a.b10936178$b21-09-06$c28-06-02 912 $a991001944709707536 945 $aLE007 Xd 4014$g1$iLE007A-0392F(1986)$lle007$o-$pE0.00$q-$rl$s- $t0$u0$v0$w0$x0$y.i11042357$z28-06-02 996 $aAnakreon und Ibykos$9919579 997 $aUNISALENTO 998 $ale007$b01-01-94$cm$da $e-$feng$gxx $h0$i1 LEADER 02091nas 2200649-a 450 001 996398434603316 005 20230225213018.0 011 $a1758-616X 035 $a(DE-599)ZDB1500250-0 035 $a(OCoLC)45303790 035 $a(CKB)954925498087 035 $a(CONSER)--2006233208 035 $a(EXLCZ)99954925498087 100 $a20001108a19839999 s-- a 101 0 $aeng 135 $aurmnu|||||||| 181 $ctxt$2rdacontent 182 $cc$2rdamedia 183 $acr$2rdacarrier 200 14$aThe electronic library 210 $aBradford, England $cMCB University Press 215 $a1 online resource (volumes) 300 $aRefereed/Peer-reviewed 311 $a0264-0473 531 $aELECTRON LIBR 531 $aELECTRONIC LIBRARY 531 $aELECTRON. LIBR 606 $aLibraries$xAutomation$vPeriodicals 606 $aLibrary science$xData processing$vPeriodicals 606 $aMinicomputers$vPeriodicals 606 $aMicrocomputers$vPeriodicals 606 $aBibliothèques$xAutomatisation$vPériodiques 606 $aBibliothéconomie$xInformatique$vPériodiques 606 $aMini-ordinateurs$vPériodiques 606 $aMicro-ordinateurs$vPériodiques 606 $aLibraries$xAutomation$2fast$3(OCoLC)fst00997347 606 $aLibrary science$xData processing$2fast$3(OCoLC)fst00997930 606 $aMicrocomputers$2fast$3(OCoLC)fst01019642 606 $aMinicomputers$2fast$3(OCoLC)fst01022814 608 $aPeriodicals.$2fast 615 0$aLibraries$xAutomation 615 0$aLibrary science$xData processing 615 0$aMinicomputers 615 0$aMicrocomputers 615 6$aBibliothèques$xAutomatisation 615 6$aBibliothéconomie$xInformatique 615 6$aMini-ordinateurs 615 6$aMicro-ordinateurs 615 7$aLibraries$xAutomation. 615 7$aLibrary science$xData processing. 615 7$aMicrocomputers. 615 7$aMinicomputers. 676 $a025.02 906 $aJOURNAL 912 $a996398434603316 996 $aElectronic library$91759060 997 $aUNISA